| 000 | 01231nam a2200301Ia 4500 | ||
|---|---|---|---|
| 001 | 6496 | ||
| 003 | IT-RoPAU | ||
| 008 | 130308s9999 xx 000 0 und d | ||
| 040 | _aIT-RoPAU | ||
| 040 | _cIT-RoPAU | ||
| 041 | _aITALIANO | ||
| 100 | _aBelleli Marialuisa | ||
| 100 | _gCodice Aut. SPICS: 1481 | ||
| 245 | _aIonesco e il teatro dell'assurdo | ||
| 245 | _bTeatro Contemporaneo-Ii-Teatro Europeo e Nordamericano | ||
| 250 | _a1a ed. | ||
| 260 | _aROMA | ||
| 260 | _bLucarini | ||
| 260 | _c1983 [1° Ed.:1983 - Ed.Ling.Originale:1983] | ||
| 300 | _a"42 p. (prefazione: no ; testo: 42 [pagine: 157-198])" | ||
| 500 | _aSpazio Scenico cerimoniale presenza di Pirandello Pittura Cinematografo Avanguardie Storiche cantatrice Chauve un Aggancio Ad Adamov mezzi di Espressione dell'Assurdo Tardieu e la Disgregazione del Linguaggio Prima Piece di Arrabal Sopraffazione e satira ne la lecon vuoto Ontologico in Les Chaises violenza e Abuso di Potere in Ionesco Ossessione della Morte Evasione e Delusione Assurdo Generatore del Meraviglioso Psicanalisi e Mondo Onirico | ||
| 650 | _aSTORIA DEL TEATRO | ||
| 650 | _eCodice materia Spics: 8408 | ||
| 942 | _cBK | ||
| 957 | _71 | ||
| 999 |
_c62075 _d62075 |
||
| 999 | _bSI | ||
| 999 | _g1 | ||